00265nam a22000977a 4500008004100000082002100041245003300062260004300095300000900138440002000147230620b xxu||||| |||| 00| 0 eng d a327.17bKAR 2005 aContemporary Security Policy bRoutledge Taylor & Francis Groupc2005 a384p n2v26x13523260